000 00681nam a2200253Ia 4500
003 OSt
005 20220924120017.0
006 a|||||r|||| 00| 0
007 ta
008 220923b |||||||| |||| 00| 0 urd d
020 _c100.00
024 _a321839
037 _cTextual
040 _aARTS
_cARTS
_burd
041 _2urd
_aurd
082 _aQ8441:21, 168M7
100 _aKashmiri Fazil Co.
_9180468
245 0 _aShri Sukhmani Sahib
260 _aDelhi
_bJayyed Press India
_c1987
650 _a SIKHISM
_925885
650 _aSACRED BOOKS
_9174113
942 _hQ8441:21, 168M7
_cTEXL
_2CC
999 _c400916
_d400916